Escuela nueva: una innovación desde el Estado

Guardat en:
Dades bibliogràfiques
Autor principal: Torres, Rosa María (Autor)
Format: Llibre
Idioma:espanyol
Publicat: Quito Instituto Fronesis 1991
Edició:2a. ed
Matèries:
Etiquetes: Afegir etiqueta
Sense etiquetes, Sigues el primer a etiquetar aquest registre!

MARC

LEADER 00000cam a2200000 a 4500
001 UCF0810
003 CL-VaPUC
008 120607e19910000EC |||||||||||||||||spa|d
020 |a 9978801871 
082 0 4 |a 372.9861  |b TOR  |2 21 
100 0 |a Torres, Rosa María  |e author  |9 562525 
245 1 0 |a Escuela nueva: una innovación desde el Estado 
250 |a 2a. ed 
300 |a 107 p 
942 |c BK 
945 |d 20120607 00:00:00  |a dcastane 
260 |a Quito  |b Instituto Fronesis  |c 1991 
650 0 |a Educación básica   |9 224933 
650 0 |a Estado y educación   |9 311264 
650 0 |a Reforma educacional   |9 256319 
651 0 |a Colombia  |9 256424 
583 |a last modification  |c 20170504 12:48:06  |k Rodrigo Vera 
999 |c 347932  |d 347930 
952 |0 0  |1 0  |4 0  |6 372_986100000000000_TOR_1991  |7 0  |8 P  |9 449679  |a BIBEDU  |b BIBEDU  |c BIBEDU_PB  |d 2019-11-22  |i 4838572  |o 372.9861 TOR 1991  |p 4838572  |r 2024-01-25  |w 2019-11-22  |y BK  |k EPE